Catàleg del Col·legi de Periodistes de Catalunya

Manual de trabajo para Círculos de Estudio (Registre núm. 2729)

000 -CABECERA
Longitud fija campo de control 00598nam a2200181 a 4500
001 - NÚMERO DE CONTROL
Número de control 2729
003 - IDENTIFICADOR DEL NÚMERO DE CONTROL
Identificador del número de control CDMR
005 - FECHA Y HORA DE LA ÚLTIMA TRANSACCIÓN
Fecha y hora de la última transacción 20131213174201.0
008 - CÓDIGOS DE INFORMACIÓN DE LONGITUD FIJA
Códigos de información de longitud fija 130130s1992||||||||||||||||||||||||||||d
040 ## - FUENTE DE LA CATALOGACIÓN
Centro catalogador de origen CDMR
Lengua de catalogación cat
Centro transcriptor CDMR
110 2# - PUNTO DE ACCESO PRINCIPAL-NOMBRE DE ENTIDAD CORPORATIVA
Nombre de entidad corporativa o nombre de jurisdicción como elemento inicial International Federation of Journalists
9 (RLIN) 997
245 10 - MENCIÓN DE TÍTULO
Título Manual de trabajo para Círculos de Estudio
Mención de responsabilidad, etc. FIP
260 ## - PUBLICACIÓN, DISTRIBUCIÓN, ETC. (PIE DE IMPRENTA)
Lugar de publicación, distribución, etc. Caracas (Venezuela)
Fecha de publicación, distribución, etc. [1992]
Nombre del editor, distribuidor, etc. Federación Internacional de Periodistas. Oficina Regional
300 ## - DESCRIPCIÓN FÍSICA
Extensión 6 [f] ;
Dimensiones 22 cm
500 ## - NOTA GENERAL
Nota general Programa de desarrollo sindical
650 04 - PUNTO DE ACCESO ADICIONAL DE MATERIA - TÉRMINO DE MATERIA
9 (RLIN) 216
Término de materia o nombre geográfico como elemento inicial Associacions de professionals i tècnics
942 ## - ENTRADA DE ELEMENTOS AGREGADOS (KOHA)
Koha [por defecto] tipo de item Monografies
Fuente de clasificaión o esquema
Fons
Suprimido Perdido Estropeado No para préstamo Localización permanente Localización actual Fecha adquisición Préstamos totales Signatura completa Código de barras Fecha última consulta Fecha del precio de reemplazo Tipo de item de Koha
        Centre de Documentació Montserrat Roig Centre de Documentació Montserrat Roig 2013-01-16   C/ C 1- 1 C/C1-179860320130 2013-01-16 2013-01-16 Monografies

Implantat amb Koha